000
00420nam a2200133Ia 4500
008
100328s9999 xx 000 0 und d
082
_b
6220
100
_a
आपटे ह.ना.
245
_a
स्फूट गोष्टी भाग 4था
260
_b
---
630
_a
स्फूट गोष्टी भाग 4था
730
_a
स्फूट गोष्टी भाग 4था
942
_c
BOOK
999
_c
502157
_d
502154